Регионална библиотека "Любен Каравелов" - Русе

По трудния път към сърцата на малките зрители (Запис номер 94449)

MARC детайли
000 -Лидер
Лидер 01907nam a2200457 a 4500
003 - Код на организацията, давaща контролен номер
Код на организацията, даваща контролен номер BLK
005 - Дата и час на последна редакция
Дата и час на последна редакция 20230717134306.0
008 - Елементи от данни с фиксирана дължина
Елементи с фиксирана дължина 180408b bul|||||r ||||||| ||bul||
010 ## - Наследен системен номер
LC control number KNG00099271000
020 ## - Международен стандартен номер на книга ISBN
ISBN 978-954-8190-81-7
040 ## - Източник на каталожния запис
Код на библиотеката BLK
041 ## - Код за език
Език Български
Език за КДБФ Български
072 #7 - Код за тематичната категория
Код организация bullib
Код за тематична категория Н70
Текст Изкуства Н
072 #7 - Код за тематичната категория
Код организация bullib
Код за тематична категория К
Текст Краезнание
072 #7 - Код за тематичната категория
Код организация bullib
Код за тематична категория Я
Текст Автографи
080 ## - УДК
УДК текст Куклен театър. Марионетен театър. Вж и 791.5
УДК код 792.97
УДК – определител .03(497.215)
УДК – код + определител 792.97.03(497.215)
100 1# - Редна дума - Автор
Автор Кръстев, Никола
R(LIN) 372905
245 10 - Сведения за заглавието
Заглавие По трудния път към сърцата на малките зрители
Подзаглавни данни Летопис : Разказ за появата и развитието на кукленото изкуство в гр. Русе (1930-1959), спомени за артисти, режисьори, сценографи, композитори и др, рецензии и размисли за творческия път на Държавен куклен театър Русе (1960-2010 г.)
Авторска отговорност Никола Кръстев.
257 ## - Страна на издаване
Страна на създаване/издаване България
260 ## - Област на издателските данни
Име на издателя Лени-Ан
Година на издаване 2010
Място на издаване Русе
300 ## - Физическа характеристика
Брой страници 336 с.
Илюстрации с ил.
Размер 22 см
380 ## - Жанр
Жанр Изкуство
650 #4 - Допълнително описание по предмет – тема
Предметна рубрика Куклен театър - Русе
9 (RLIN) 267456
651 #4 - Допълнително описание по предмет - топоним
Географско понятие Русе
9 (RLIN) 179462
651 #4 - Допълнително описание по предмет - топоним
Географско понятие България
9 (RLIN) 241624
653 ## - Ключова дума – ненормативна
Ключови думи куклен театър
653 ## - Ключова дума – ненормативна
Ключови думи история
653 ## - Ключова дума – ненормативна
Ключови думи Русе
659 ## - Тематичен бюлетин
Тематичен бюлетин К
659 ## - Тематичен бюлетин
Тематичен бюлетин Н
659 ## - Тематичен бюлетин
Тематичен бюлетин Я
852 ## - Местоположение
Сигнатура (форматна) Цб 250680
Отдел Хранилище
852 ## - Местоположение
Сигнатура (форматна) К 792/К 92 Н
856 4# - Електронен адрес и достъп
Електронен формат pdf - файл
856 4# - Електронен адрес и достъп
Електронен формат pdf - файл
942 ## - АРТИКУЛИ
Вид на библиотечния документ Книги
Скрит в OPAC Не
Koha issues (borrowed), all copies 1
Периодичен библиозапис Да
944 ## - СЪЗДАВАНЕ И РЕДАКЦИЯ на ЗАПИСА
Създаване/Редакция Създаване
Дата на регистрацията/редакция 03.02.2011
Служител, извършил регистрацията/редакцията 30542
Номер на служител Русанова Ирена
944 ## - СЪЗДАВАНЕ И РЕДАКЦИЯ на ЗАПИСА
Създаване/Редакция Редакция
Дата на регистрацията/редакция 18.03.2016
Служител, извършил регистрацията/редакцията Людмила_Стоянова
999 ## - СИСТЕМНИ КОНТРОЛНИ НОМЕРА
Koha biblionumber 94449
Koha biblioitemnumber 94449
999 ## - СИСТЕМНИ КОНТРОЛНИ НОМЕРА
Koha biblioitemnumber 94449
Наличности
Код за отписване Код за изгубен артикул Източник на класификационната схема Код за повреда Коз за рестрикции Код за отдаване Артикулен № Име на библиотеката - собственик Име на библиотеката, в която се намира в момента Статус (Текущо местоположение) Дата на вписване в системата Местоположение - отдел Цена в лева Инвентарен номер Систематично азбучна сигнатура Баркод Номер на екземпляра Цена в евро Служебна бележка Служебен тип на артикула Номерация (Хронология)
  Не е изгубен Universal Decimal Classification Не е повреден без рестрикции заемане за дома 151628 Регионална библиотека "Любен Каравелов" Русе Регионална библиотека "Любен Каравелов" Русе Отдел Изкуство - подръчен фонд 2011-02-02 Отдел Изкуство - подръчен фонд 12.00 120000748937 792.97/К 92 120000748937 1 6.14 Дост: DA Вид: А N: 3 Дата: 02.02.2011 Дата инв: 05.04.2017 Бележки инв: ИП2017 Книги  
Изтеглен Не е изгубен Universal Decimal Classification Не е повреден без рестрикции заемане за дома 151629 Регионална библиотека "Любен Каравелов" Русе Регионална библиотека "Любен Каравелов" Русе Отдел Изкуство - подръчен фонд 2011-02-02 Отдел Изкуство - подръчен фонд 12.00 120000748938 792.97/К 92 120000748938 2 6.14 Дост: DA Вид: А N: 3 Дата: 02.02.2011 Дата инв: 05.04.2017 Бележки инв: ИП2017 Книги  
  Не е изгубен Universal Decimal Classification Не е повреден без рестрикции заемане за дома 151630 Регионална библиотека "Любен Каравелов" Русе Регионална библиотека "Любен Каравелов" Русе Отдел Изкуство - подръчен фонд 2011-02-02 Отдел Изкуство - подръчен фонд 12.00 120000748939 792.97/К 92 120000748939 3 6.14 Дост: DA Вид: А N: 3 Дата: 02.02.2011 Дата инв: 18.06.2012 Бележки инв: * Книги  
  Не е изгубен Universal Decimal Classification Не е повреден без рестрикции заемане за дома 151631 Регионална библиотека "Любен Каравелов" Русе Регионална библиотека "Любен Каравелов" Русе Детски отдел 2011-02-02 Детски отдел 12.00 120000748940 ДН 79/К 92 120000748940 4 6.14 Дост: DA Вид: А N: 3 Дата: 02.02.2011 Дата инв: 20.08.2015 Бележки инв: Д2015 Книги  
  Не е изгубен Universal Decimal Classification Не е повреден без рестрикции ползва се в читалня 151632 Регионална библиотека "Любен Каравелов" Русе Регионална библиотека "Любен Каравелов" Русе Краезнание 2011-02-02 Краезнание 12.00 120000748941 К 792/К 92 Н 120000748941 5 6.14 Дост: DA Вид: А N: 3 Дата: 02.02.2011 Дата инв: 06.11.2017 Бележки инв: К2017 Книги Автограф: Никола Кръстев
  Не е изгубен Universal Decimal Classification Не е повреден само за читалня ползва се в читалня 151633 Регионална библиотека "Любен Каравелов" Русе Регионална библиотека "Любен Каравелов" Русе Хранилище 2011-03-29 Основен фонд - ползва се само за читалня 12.00 120000750143 Цб 250680 120000750143 6 6.14 Дост: DA Вид: А N: 4 Дата: 29.03.2011 Книги Автограф: Никола Кръстев
  Не е изгубен Universal Decimal Classification Не е повреден само за читалня ползва се в читалня 151634 Регионална библиотека "Любен Каравелов" Русе Регионална библиотека "Любен Каравелов" Русе Хранилище 2012-07-23 Хранилище 12.00 120000759011 Цб 250680 120000759011 7 6.14 Дост: Dp Вид: Д N: 25 Дата: 22.06.2011 Книги  
  Не е изгубен Universal Decimal Classification Не е повреден само за читалня ползва се в читалня 151635 Регионална библиотека "Любен Каравелов" Русе Регионална библиотека "Любен Каравелов" Русе Хранилище 2015-11-30 Основен фонд - ползва се само за читалня 12.00 120000795135 Цб 250680 120000795135 8 6.14 Дост: DA Вид: А N: 24 Дата: 30.11.2015 Дата инв: 05.04.2017 Бележки инв: ИП2017 Книги Автогр. Никола Кръстев
Vip Innovations Ltd, Rousse, Bulgaria 2025